Issyoga (Record no. 294)

MARC details
000 -LEADER
fixed length control field 00912 a2200217 4500
005 - DATE AND TIME OF LATEST TRANSACTION
control field 20080820093456.0
010 ## - LCCN (DPL NO)
LC control number ENG-84751
020 ## - INTERNATIONAL STANDARD BOOK NUMBER
International Standard Book Number .
Terms of availability 500.00
035 ## - SYSTEM CONTROL NUMBER
System control number EN-68284
035 ## - SYSTEM CONTROL NUMBER
System control number G-001507
037 ## - SOURCE OF ACQUISITION
Stock number DBAD / PUB
082 ## - DEWEY DECIMAL CLASSIFICATION NUMBER
Classification number 230.42
100 ## - MAIN ENTRY--PERSONAL NAME
Personal name Sushil Kumar
245 ## - TITLE STATEMENT
Title Issyoga
Remainder of title god realization and attainment of Bliss
Statement of responsibility, etc Sushil Kumar
260 ## - PUBLICATION, DISTRIBUTION, ETC. (IMPRINT)
Place of publication, distribution, etc Patna
Name of publisher, distributor, etc Issyoga
Date of publication, distribution, etc 2003.
270 ## - ADDRESS
Address B-108, Kankarbagh Housing Colony,
City Patna
State or province Bihar
Postal code 800020
300 ## - PHYSICAL DESCRIPTION
Extent 477p
Dimensions 22 cm. (Hb)
942 ## - ADDED ENTRY ELEMENTS (KOHA)
Institution code [OBSOLETE] dpl
Item type English Books
Call number prefix 230.42 / SUS
Source of classification or shelving scheme Dewey Decimal Classification
Classification part 230.42
Call number suffix SUS
Holdings
Withdrawn status Lost status Not for loan Collection code Home library Current library Date acquired Cost, normal purchase price Full call number Barcode Copy number Cost, replacement price Koha item type Source of acquisition
    Not For Loan Non-fiction D.B.Act.Division D.B.Act.Division 20/08/2008 500.00 230.42 SUS EN-68284 1 500.00 English Books  
      Non-fiction Janak Puri Janak Puri 26/09/2011 500.00 230.42 SUS G-001507 1 500.00 English Books gift

© Delhi Public Library
Hit Counter
free hit counter